000 00859nam a22002417a 4500
001 45378
003 UA-OsUOA
005 20260408161441.0
008 20111010b un ||||| |||| 00| 0 ukr d
040 _aUA-OsUOA
_beng
_cUA-OsUOA
_dUA-OsUOA
041 _aeng
080 _a050/01
090 _a050/01
_bЕ45
245 _aEkran
_b1961-1990
_ccompiled by S. Zmurkevych, Ph. D., B. L. Sc.
260 _aChicago
_c1996
300 _a41 p.
490 _aUkrainian Magazine for Youth and Adults
650 7 _2UDC
_a050 Серійні публікації. Періодика галузі, Організація та інші типи поєднання (співробітництва)
_93712
942 _cMG
_2udc
955 _a4
999 _c425481
_d425481